|
|
|
|
| LEADER |
00000nam a2200000 a 4500 |
| 001 |
vtls009294345 |
| 003 |
SK-MaSNL |
| 005 |
20260301223644.0 |
| 008 |
240314s2008 xo d p 000 0 slo |
| 015 |
|
|
|a SNBA2008/06-02683
|
| 020 |
|
|
|a 9788022525060
|q (brož.)
|
| 035 |
|
|
|a CCB7E686-1CDC-499B-A67A-F406BC9DEDA4
|
| 035 |
|
|
|a urn:nbn:sk:snk-amtg4e
|
| 035 |
|
|
|a urn:nbn:sk:snk-am00cd3n
|
| 040 |
|
|
|a SNK
|b slo
|c SNK
|e AACR2
|
| 041 |
0 |
|
|a slo
|
| 044 |
|
|
|a xo
|c SK
|
| 072 |
|
7 |
|a 005
|x Manažment. Riadenie
|2 konspekt
|
| 080 |
|
|
|a 005
|2 2001
|
| 080 |
|
|
|a 519.876.5
|2 2001
|
| 080 |
|
|
|a 005.21
|2 2001
|
| 080 |
|
|
|a (075.8)
|2 2001
|
| 080 |
|
|
|a 005:371.382
|2 2001
|
| 100 |
1 |
|
|a Roby, Zuzana
|4 aut
|9 411662
|
| 245 |
1 |
0 |
|a Manažérske hry
|c Zuzana Roby
|
| 250 |
|
|
|a 2. vyd.
|
| 260 |
|
|
|a V Bratislave
|b Vydavateľstvo Ekonóm
|c 2008
|
| 300 |
|
|
|a 83 s.
|b tab.
|c 29 cm
|
| 366 |
|
|
|e 150 výtl.
|
| 504 |
|
|
|a Bibliogr. s. 83
|
| 650 |
0 |
7 |
|a manažment
|2 SNKPH
|9 922
|
| 650 |
0 |
7 |
|a simulačné modely
|2 SNKPH
|9 3667
|
| 650 |
0 |
7 |
|a strategický manažment
|2 SNKPH
|9 3637
|
| 650 |
0 |
7 |
|a manažérske hry
|2 SNKPH
|9 67184
|
| 655 |
|
7 |
|a učebnice vysokých škôl
|2 SNKPH
|9 70191
|
| 752 |
|
|
|a Slovensko
|d Bratislava
|
| 919 |
|
|
|a 978-80-225-2506-0
|
| 958 |
|
|
|a NB
|
| 968 |
|
|
|d 0
|
| 999 |
|
|
|c 944421
|d 946351
|
| 952 |
|
|
|a SNK
|b SNK
|y PREZ
|7 0
|p 17A0587793
|o snkSB 76143
|i snk2008/10487
|8 0
|0 0
|1 0
|4 0
|d 2008-05-15
|f 1
|l 0
|r 2025-04-30 00:00:00
|w 2026-02-24
|
| 952 |
|
|
|a SNK
|b SNK
|y VYP
|7 0
|p 17A0587794
|o snkSB 76143 D1
|i snk2008/10488
|8 0
|0 0
|1 0
|4 0
|d 2008-05-15
|l 0
|r 2016-06-30 00:00:00
|w 2026-02-24
|